Länder nach Militärflugzeugen - Statistiken

Allgemein
  • Dieses Quiz wurde 175 mal gespielt
  • Das Durchschnittsergebnis liegt bei 7 aus 15
Antwortstatistiken
Bildquiz Antwort % Korrekt
Vereinigte Staaten
97%
Russland
91%
Deutschland / Vereinigtes Königreich / Italien / Spanien
88%
Vereinigte Staaten
74%
Deutschland
63%
Schweden
52%
Vereinigtes Königreich
52%
China
48%
Frankreich
43%
Japan
23%
Italien
22%
Sowjetunion
19%
Argentinien
9%
Jugoslawien / Rumänien
6%
Tschechoslowakei
5%
Keine übereinstimmenden Quizze gefunden
Verteilung der Resultate
Anzahl Personen mit jedem Resultat
Perzentil nach korrekt beantworteten Fragen
Ihre Resultats-Entwicklung
Sie haben dieses Quiz noch nicht gespielt